000 00754nam a2200265Ia 4500
003 OSt
005 20220918164330.0
006 a|||||r|||| 00| 0
007 ta
008 220917b |||||||| |||| 00| 0 eng d
020 _a0521559219 (pbk)
024 _a47,774
037 _cTextual
040 _aARTS
_cARTS
_beng
041 _2eng
_aeng
082 _aO121:g(Q), 111N8
100 _aFeeney Denis
_918365
245 0 _aLiterature and religion at Rome
_b cultures contrexts and beliefs
260 _aCambridge
_bCUP
_c1998
300 _axii,161p.
_ccm.
490 _aRoman literature and its contexts
650 _aENGLISH LITERATURE
942 _hO121:g(Q), 111N8
_cTEXL
_2CC
999 _c124290
_d124290